| 000 | 00638nam a22002177a 4500 | ||
|---|---|---|---|
| 005 | 20240516140051.0 | ||
| 008 | 240516b |||||||| |||| 00| 0 eng d | ||
| 020 |
_a9780674005822 _cRs.1894.69 |
||
| 040 | _aLoreto College | ||
| 041 | _aEnglish | ||
| 082 |
_a153 _bTOM |
||
| 100 | _aTomasello,Michael | ||
| 245 |
_aThe cultural origins of human cognition _cMichael Tomasello |
||
| 260 |
_aCambridge _bHarvard University Press _c1999 |
||
| 300 |
_avii,248p _b22cm |
||
| 504 | _aIncludes bibliographical references and index | ||
| 650 | _aCognition | ||
| 650 | _aCognitive psychology | ||
| 850 |
_aLCLIB _bPsychology PG |
||
| 942 | _cBK | ||
| 999 |
_c43768 _d94247 |
||